| 000 | 00000nam 2200000za 4500 |
| 001 | 9.855117 |
| 003 | CaOODSP |
| 005 | 20221107155226 |
| 007 | cr ||||||||||| |
| 008 | 180412s2018 qucad ob f000 0 eng d |
| 020 | |a9780660262307 |
| 040 | |aCaOODSP|beng |
| 043 | |an-cn--- |
| 086 | 1 |aEn4-326/2018E-PDF |
| 245 | 00|aEstimated results of the federal carbon pollution pricing system |h[electronic resource]. |
| 260 | |a[Gatineau, QC] : |bEnvironment and Climate Change Canada, |cc2018. |
| 300 | |a13 p. : |bcol. charts, col. ill. |
| 500 | |aIssued also in French under title: Résultats estimés du système fédéral de tarification de la pollution par le carbone. |
| 500 | |aCaption title. |
| 500 | |aIssued also in HTML format. |
| 504 | |aIncludes bibliographical references. |
| 520 | |a"This analysis examines the effects on emissions and the economy of an illustrative scenario in which the four provinces with carbon pricing systems today – British Columbia, Alberta, Ontario and Quebec, representing 80 percent of Canada’s population – meet the federal standard through 2022, and the other nine provinces and territories implement the federal carbon pricing system"--Key findings, p. 1. |
| 693 | 4|aCarbon offsetting |
| 693 | 4|aGovernment policy |
| 710 | 1 |aCanada. |bEnvironment and Climate Change Canada. |
| 775 | 08|tRésultats estimés du système fédéral de tarification de la pollution par le carbone |w(CaOODSP)9.855119 |
| 856 | 40|qPDF|s557 KB|uhttps://publications.gc.ca/collections/collection_2018/eccc/En4-326-2018-eng.pdf |
| 856 | 4 |qHTML|sN/A|uhttps://www.canada.ca/en/services/environment/weather/climatechange/climate-action/pricing-carbon-pollution/estimated-impacts-federal-system.html |